<?xml version="1.0" encoding="UTF-8"?>
<record
    xmlns:xsi="http://www.w3.org/2001/XMLSchema-instance"
    xsi:schemaLocation="http://www.loc.gov/MARC21/slim http://www.loc.gov/standards/marcxml/schema/MARC21slim.xsd"
    xmlns="http://www.loc.gov/MARC21/slim">

  <leader>01610nam a2200361 i 4500</leader>
  <controlfield tag="001">6825</controlfield>
  <controlfield tag="003">ES-MaACL</controlfield>
  <controlfield tag="005">20240227093511.0</controlfield>
  <controlfield tag="007">t|</controlfield>
  <controlfield tag="007">t|</controlfield>
  <controlfield tag="008">900604s1989    sp a         |||| | spa d</controlfield>
  <datafield tag="020" ind1=" " ind2=" ">
    <subfield code="a">84-85905-57-1(O.C.)</subfield>
  </datafield>
  <datafield tag="080" ind1=" " ind2=" ">
    <subfield code="a">335(46)"18/19"</subfield>
  </datafield>
  <datafield tag="245" ind1="0" ind2="0">
    <subfield code="a">Historia del socialismo espa&#xF1;ol / </subfield>
    <subfield code="c">dirigida pos Manuel Tu&#xF1;on de Lara.</subfield>
  </datafield>
  <datafield tag="250" ind1=" " ind2=" ">
    <subfield code="a">1&#xAA; ed.</subfield>
  </datafield>
  <datafield tag="260" ind1=" " ind2=" ">
    <subfield code="a">Barcelona : </subfield>
    <subfield code="b">Conjunto Editorial, </subfield>
    <subfield code="c">1989.</subfield>
  </datafield>
  <datafield tag="300" ind1=" " ind2=" ">
    <subfield code="a">5 v. : </subfield>
    <subfield code="b">il. ; </subfield>
    <subfield code="c">25 cm.</subfield>
  </datafield>
  <datafield tag="500" ind1=" " ind2=" ">
    <subfield code="a">Cronolog&#xED;a.</subfield>
  </datafield>
  <datafield tag="504" ind1=" " ind2=" ">
    <subfield code="a">Bibliograf&#xED;a.</subfield>
  </datafield>
  <datafield tag="505" ind1="8" ind2=" ">
    <subfield code="a">Contiene:  t. I. (1870-1909) / Santiago Castillo ; presentacion e introduccion por Manuel Tu&#xF1;on de Lara -- t. II. (1909-1931) / Ramon Alquezar, Josep Termes ; introduccion por Manuel Tu&#xF1;on de Lara -- t. III. (1931-1939) / Santos Julia ; introduccion por Manuel Tu&#xF1;on de Lara -- t. IV. (1939-1977) / Jose Luis Martin Ramos ; introduccion por Manuel Tu&#xF1;on de Lara -- t. V (1977-1988) / texto, cronologia y bibliografia por Enric Company ; biografias por Francesc Arroyo</subfield>
  </datafield>
  <datafield tag="610" ind1="2" ind2="4">
    <subfield code="a">Partido Socialista Obrero Espa&#xF1;ol-</subfield>
    <subfield code="v">Historia.</subfield>
    <subfield code="9">6157</subfield>
  </datafield>
  <datafield tag="650" ind1=" " ind2=" ">
    <subfield code="a">Socialismo-</subfield>
    <subfield code="z">Espa&#xF1;a-</subfield>
    <subfield code="v">Historia.</subfield>
    <subfield code="9">17156</subfield>
  </datafield>
  <datafield tag="700" ind1="0" ind2=" ">
    <subfield code="a">Tu&#xF1;&#xF3;n de Lara, Manuel,</subfield>
    <subfield code="d">1915-1997</subfield>
    <subfield code="9">111681</subfield>
  </datafield>
  <datafield tag="700" ind1="1" ind2=" ">
    <subfield code="a">Castillo, Santiago.</subfield>
    <subfield code="9">36722</subfield>
  </datafield>
  <datafield tag="700" ind1="1" ind2=" ">
    <subfield code="a">Termes, Josep.</subfield>
    <subfield code="9">109751</subfield>
  </datafield>
  <datafield tag="700" ind1="1" ind2=" ">
    <subfield code="a">Alqu&#xE9;zar, Ram&#xF3;n.</subfield>
    <subfield code="9">149441</subfield>
  </datafield>
  <datafield tag="700" ind1="1" ind2=" ">
    <subfield code="a">Juli&#xE1;, Santos,</subfield>
    <subfield code="d">1940-2019</subfield>
    <subfield code="9">67236</subfield>
  </datafield>
  <datafield tag="700" ind1="1" ind2=" ">
    <subfield code="a">Mart&#xED;n Ramos, Jos&#xE9; Luis.</subfield>
    <subfield code="9">77621</subfield>
  </datafield>
  <datafield tag="700" ind1="1" ind2=" ">
    <subfield code="a">Company, Enric.</subfield>
    <subfield code="9">40033</subfield>
  </datafield>
  <datafield tag="700" ind1="1" ind2=" ">
    <subfield code="a">Arroyo, Francesc.</subfield>
    <subfield code="9">23354</subfield>
  </datafield>
  <datafield tag="852" ind1=" " ind2=" ">
    <subfield code="a">ES-MaACL</subfield>
    <subfield code="j">L-14013-17 </subfield>
    <subfield code="z">. - guafl.</subfield>
  </datafield>
  <datafield tag="999" ind1=" " ind2=" ">
    <subfield code="c">6825</subfield>
    <subfield code="d">6825</subfield>
  </datafield>
  <datafield tag="952" ind1=" " ind2=" ">
    <subfield code="0">0</subfield>
    <subfield code="1">0</subfield>
    <subfield code="4">0</subfield>
    <subfield code="7">0</subfield>
    <subfield code="a">ATENEOM</subfield>
    <subfield code="b">ATENEOM</subfield>
    <subfield code="c">DEPO2</subfield>
    <subfield code="d">2008-01-17</subfield>
    <subfield code="e">SC</subfield>
    <subfield code="l">0</subfield>
    <subfield code="o">L-14013-17</subfield>
    <subfield code="p">1006960</subfield>
    <subfield code="r">2023-02-23 00:00:00</subfield>
    <subfield code="w">2023-02-23</subfield>
    <subfield code="y">MONOGRAFIA</subfield>
  </datafield>
</record>
